[Event "Ch Vietnam"]
[Site "masterchessopen.com Hue (Vietnam)"]
[Date "2007.04.05"]
[Round "3"]
[White "Nguyen Van Hai (VIE)"]
[Black "Pham Quang Hung (VIE)"]
[Result "1-0"]
[WhiteElo "2213"]
[BlackElo "1948"]

1.e4 g6 2.d4 Bg7 3.c4 d6 4.Nc3 Nf6 5.Nf3 O-O 6.Be2 e5 7.O-O Nc6 8.d5 Ne7 9.b4
a5 10.Ba3 axb4 11.Bxb4 Ne8 12.c5 f5 13.Ng5 fxe4 14.Ngxe4 Nf5 15.Nb5 dxc5
16.Nxc5 Ned6 17.Ne6 Bxe6 18.dxe6 Nxb5 19.Bxb5 Nd6 20.Bd7 Rf4 21.Bxd6 cxd6
22.Qxd6 Rd4 23.Qc5 Ra5 24.Qxa5 Rxd7 25.Qc5 Rd5 26.e7 {#r} 1-0

[Event "Ch World (juniors) (under 14)"]
[Site "masterchessopen.com Heraklio (Greece)"]
[Round "4"]
[White "Bykhovsky Anatoly (ISR)"]
[Black "Bercys Salvijus (USA)"]
[Result "0-1"]
[WhiteElo "2253"]
[BlackElo "2232"]

1.d4 Nf6 2.c4 g6 3.Nc3 Bg7 4.e4 d6 5.Nf3 O-O 6.Be2 e5 7.O-O Nc6 8.d5 Ne7 9.b4
a5 10.Ba3 Nd7 11.Nd2 axb4 12.Bxb4 f5 13.Bf3 Bh6 14.Nb3 b6 15.a4 Ba6 16.Qe2 Nf6
17.Rfd1 fxe4 18.Bxe4 Nf5 19.Nb5 Bxb5 20.axb5 Qd7 21.Bc3 Ne3 22.Rxa8 Rxa8
23.fxe3 Nxe4 24.Qd3 Qg4 25.h3 Bxe3+ {#R} 0-1

[Event "Ch World (juniors) (under 14)"]
[Site "masterchessopen.com Kemer (Turkey)"]
[Date "2009.11.18"]
[Round "7"]
[White "Melnik Igor (RUS)"]
[Black "Mammadov Mehdi Namiq Oglu (AZE)"]
[Result "1-0"]
[WhiteElo "1996"]
[BlackElo "1769"]

1.d4 Nf6 2.c4 g6 3.Nc3 Bg7 4.e4 d6 5.Nf3 O-O 6.Be2 e5 7.O-O Nc6 8.d5 Ne7 9.b4
Nd7 10.c5 dxc5 11.bxc5 Nxc5 12.Ba3 b6 13.Bxc5 bxc5 14.Na4 f5 15.Nxc5 fxe4
16.Ng5 Qxd5 17.Rc1 Qxd1 18.Rfxd1 Bh6 19.Ncxe4 c6 20.Rc5 Bxg5 21.Nxg5 Rf5 {#r}
1-0

[Event "Ch World (juniors) (under 16)"]
[Site "masterchessopen.com Oropesa (Spain)"]
[Round "3"]
[White "Jegorovas Aleksandras (LTU)"]
[Black "Ibarra Jerez Jose Carlos (ESP)"]
[Result "1-0"]
[WhiteElo "2211"]
[BlackElo "2136"]

1.d4 Nf6 2.c4 g6 3.Nc3 Bg7 4.e4 d6 5.Nf3 O-O 6.Be2 e5 7.O-O Nc6 8.d5 Ne7 9.b4
Nh5 10.Re1 Nf4 11.Bf1 f5 12.Bxf4 exf4 13.e5 dxe5 14.Nxe5 Re8 15.c5 Nxd5
16.Qxd5+ Qxd5 17.Nxd5 Rxe5 18.Rxe5 Bxe5 19.Re1 Bd4 20.Nxc7 Rb8 21.Bc4+ Kf8
22.Re8+ Kg7 23.Be6 Be5 24.Bxc8 {#r} 1-0

[Event "Ch World (juniors) (under 16)"]
[Site "masterchessopen.com Oropesa (Spain)"]
[Round "2"]
[White "Timoshin Juri (EST)"]
[Black "Mamedyarov Shakhriyar (AZE)"]
[Result "0-1"]
[WhiteElo "2170"]
[BlackElo "2301"]

1.d4 Nf6 2.c4 g6 3.Nf3 Bg7 4.e4 d6 5.Nc3 O-O 6.Be2 e5 7.O-O Nc6 8.d5 Ne7 9.b4
Nh5 10.Re1 Nf4 11.Bf1 f5 12.g3 fxe4 13.Ng5 Nd3 14.Bxd3 exd3 15.Qxd3 Nf5 16.f4
h6 17.Nf3 exf4 18.Bxf4 g5 19.Be3 Nxg3 20.Nxg5 Nf5 21.Nge4 Nh4 22.Kh1 Bg4
23.Nd2 Qf6 24.Nce4 Bf3+ {#R} 0-1

[Event "Ch World (juniors) (under 18)"]
[Site "masterchessopen.com Caldas Novas (Brazil)"]
[Date "2011.11.19"]
[Round "2"]
[White "Sadzikowski Daniel (POL)"]
[Black "Gaehwiler Gabriel (SUI)"]
[Result "1-0"]
[WhiteElo "2380"]
[BlackElo "2244"]

1.d4 Nf6 2.c4 g6 3.Nc3 Bg7 4.e4 d6 5.Nf3 O-O 6.Be2 e5 7.O-O Nc6 8.d5 Ne7 9.b4
Nh5 10.g3 f5 11.Ng5 Nf6 12.f3 f4 13.b5 fxg3 14.hxg3 h6 15.Ne6 Bxe6 16.dxe6 Qc8
17.Nd5 Qxe6 18.Nxc7 Qh3 19.Rf2 Rac8 20.Rh2 Qd7 21.b6 Nh5 22.c5 axb6 23.cxd6
Rxc7 24.dxc7 Qxc7 25.Rg2 {#r} 1-0

[Event "Ch World (juniors) (under 18)"]
[Site "masterchessopen.com Marina d'Or (Spain)"]
[Round "4"]
[White "Harutjunyan Gevorg (ARM)"]
[Black "Blehm Pawel (POL)"]
[Result "1-0"]
[WhiteElo "2310"]
[BlackElo "2420"]

1.d4 Nf6 2.c4 g6 3.Nc3 Bg7 4.e4 d6 5.Nf3 O-O 6.Be2 e5 7.O-O Nc6 8.d5 Ne7 9.b4
a5 10.Ba3 axb4 11.Bxb4 b6 12.a4 Re8 13.Nd2 Nd7 14.a5 c5 15.dxc6 Nxc6 16.Bxd6
Nf6 17.Nb5 Bh6 18.Nb3 Nxe4 19.Qd5 Bb7 20.Qxe4 Nxa5 21.Qc2 Qg5 22.g3 Nxb3
23.Rxa8 Rxa8 24.Qxb3 Qf5 25.Nc3 Rd8 26.Qxb6 {#r} 1-0

[Event "Ch World (juniors) (under 20)"]
[Site "masterchessopen.com Mamaia (Romania)"]
[Round "0"]
[White "Paasikangas-T Johanna (FIN)"]
[Black "Eid Eva (LIB)"]
[Result "0-1"]
[WhiteElo "2238"]
[BlackElo "2330"]

1.d4 Nf6 2.c4 g6 3.Nc3 Bg7 4.e4 d6 5.Nf3 O-O 6.Be2 e5 7.O-O Nc6 8.d5 Ne7 9.b4
Nh5 10.c5 Nf4 11.Bxf4 exf4 12.Rc1 h6 13.Nb5 g5 14.Nfd4 Ng6 15.cxd6 cxd6 16.Nc7
Rb8 17.a4 g4 18.Nf5 f3 19.gxf3 Bxf5 20.exf5 Be5 21.Kg2 Qh4 22.Rh1 Qh3+ 23.Kg1
gxf3 24.Bxf3 Nh4 25.Be4 Kh8 26.f4 Qe3+ {#R} 0-1

[Event "Ch World (juniors) (under 20) (g)"]
[Site "masterchessopen.com Goa (India)"]
[Round "1"]
[White "Ubiennykh Ekaterina (RUS)"]
[Black "Lapinskaite Sarune (LTU)"]
[Result "1-0"]
[WhiteElo "2248"]
[BlackElo "1997"]

1.d4 Nf6 2.c4 g6 3.Nc3 Bg7 4.e4 d6 5.Nf3 O-O 6.Be2 e5 7.O-O Nc6 8.d5 Ne7 9.b4
Ne8 10.c5 f5 11.Qb3 Kh8 12.Bd1 Nf6 13.cxd6 cxd6 14.Nd2 fxe4 15.Ndxe4 Nxe4
16.Nxe4 Nf5 17.Bg5 Qb6 18.Qa3 Bd7 19.Bg4 h6 20.Bd2 Rf7 21.b5 Bf6 22.Rab1 Qd8
23.Bb4 Nd4 24.Bxd6 Bg7 25.Be6 Rf4 26.Bxe5 {#r} 1-0

[Event "Ch Yugoslavia (team)"]
[Site "masterchessopen.com Novi Sad (Yugoslavia)"]
[Round "8"]
[White "Ivanisevic Ivan (SRB)"]
[Black "Antic Dejan (SRB)"]
[Result "1-0"]
[WhiteElo "2530"]
[BlackElo "2518"]

1.d4 Nf6 2.c4 g6 3.Nc3 Bg7 4.e4 d6 5.Nf3 O-O 6.Be2 e5 7.O-O Nc6 8.d5 Ne7 9.b4
a5 10.Ba3 axb4 11.Bxb4 Nd7 12.a4 Bh6 13.a5 f5 14.Nd2 Nf6 15.c5 Bxd2 16.Qxd2
Nxe4 17.Nxe4 fxe4 18.cxd6 cxd6 19.Bc3 Nf5 20.Ra4 Nd4 21.Rxd4 exd4 22.Qxd4 {#r}
1-0

[Event "Ch Yugoslavia (team) (1 liga)"]
[Site "masterchessopen.com Vrnjacka Banja (Serbia)"]
[Round "4"]
[White "Gyimesi Zoltan (HUN)"]
[Black "Pavlovic Milos (SRB)"]
[Result "0-1"]
[WhiteElo "2525"]
[BlackElo "2505"]

1.d4 Nf6 2.c4 g6 3.Nc3 Bg7 4.e4 d6 5.Nf3 O-O 6.Be2 e5 7.O-O Nc6 8.d5 Ne7 9.b4
a5 10.Ba3 b6 11.bxa5 Nh5 12.Nb5 Rxa5 13.Bb4 Ra8 14.g3 f5 15.Nd2 Nf6 16.a4 fxe4
17.a5 bxa5 18.Rxa5 Rb8 19.Ra7 Bh3 20.Re1 e3 21.fxe3 Bh6 22.Nf1 Nf5 23.Qd3 Bxf1
24.Bxf1 Ng4 25.Bd2 Qg5 26.Bg2 Nxg3 {#R} 0-1

[Event "Cup European Club (w)"]
[Site "masterchessopen.com Wuppertal (Germany)"]
[Round "3"]
[White "Prudnikova Svetlana (SRB)"]
[Black "Lakos Nikoletta (HUN)"]
[Result "0-1"]
[WhiteElo "2420"]
[BlackElo "2385"]

1.Nf3 Nf6 2.c4 g6 3.Nc3 Bg7 4.e4 O-O 5.d4 d6 6.Be2 e5 7.O-O Nc6 8.d5 Ne7 9.b4
Nh5 10.Re1 a5 11.bxa5 Rxa5 12.a4 Nf4 13.Bf1 f5 14.Nd2 g5 15.g3 Nfg6 16.Nb3 Ra8
17.Bxg5 f4 18.c5 h6 19.Bxe7 Qxe7 20.cxd6 cxd6 21.Nb5 Bd7 22.Nd2 Qf6 23.Bg2
fxg3 {#R} 0-1

[Event "Cup Independence (open)"]
[Site "masterchessopen.com Kiev (Ukraine)"]
[Date "2009.08.16"]
[Round "4"]
[White "Marusenko Petr (UKR)"]
[Black "Dovzhenko Alexander (UKR)"]
[Result "1-0"]
[WhiteElo "2323"]
[BlackElo "1937"]

1.d4 Nf6 2.c4 g6 3.Nc3 Bg7 4.e4 d6 5.Nf3 O-O 6.Be2 e5 7.O-O Nc6 8.d5 Ne7 9.b4
Nh5 10.c5 f5 11.Ng5 Nf4 12.Bxf4 exf4 13.Rc1 a5 14.Nb5 axb4 15.cxd6 cxd6 16.Nc7
Rxa2 17.Nge6 Bxe6 18.Nxe6 Qb6 19.Nxf8 Kxf8 20.exf5 Nxf5 21.Bd3 Ne7 22.Qg4 Be5
23.Qd7 f3 24.Rc7 Bf6 25.Qd8+ {#r} 1-0

[Event "Cup Independence (open) (b)"]
[Site "masterchessopen.com Kiev (Ukraine)"]
[Date "2004.08.08"]
[Round "9"]
[White "Grebeniuk Semen (UKR)"]
[Black "Semenov Dmitri (UKR)"]
[Result "0-1"]
[WhiteElo "2259"]
[BlackElo "2342"]

1.d4 Nf6 2.c4 g6 3.Nc3 Bg7 4.e4 d6 5.Nf3 O-O 6.Be2 e5 7.O-O Nc6 8.d5 Ne7 9.b4
Nh5 10.Re1 a5 11.Ba3 f5 12.Ng5 Nf6 13.Bf3 h6 14.Ne6 Bxe6 15.dxe6 axb4 16.Bxb4
c5 {#R} 0-1

[Event "Cup North Sea (open)"]
[Site "masterchessopen.com Esbjerg (Denmark)"]
[Date "2008.07.16"]
[Round "8"]
[White "Hagen Andreas Skytte (DEN)"]
[Black "Nielsen Lasse Simoni (DEN)"]
[Result "1-0"]
[WhiteElo "2282"]
[BlackElo "1964"]

1.Nf3 Nf6 2.c4 g6 3.Nc3 Bg7 4.e4 d6 5.d4 O-O 6.Be2 e5 7.O-O Nc6 8.d5 Ne7 9.b4
Ne8 10.c5 f5 11.Nd2 Nf6 12.f3 f4 13.Nc4 g5 14.a4 h5 15.Ba3 Ne8 16.b5 Rf6 17.a5
Rg6 18.b6 cxb6 19.cxd6 Nxd6 20.Nxd6 Rxd6 21.Qb3 Rg6 22.d6+ Be6 23.Bc4 Kh7
24.Bxe6 {#r} 1-0

[Event "Cup Pichay (open)"]
[Site "masterchessopen.com Manila (Philippines)"]
[Date "2007.12.06"]
[Round "8"]
[White "Huang Qian (CHN)"]
[Black "Li Chao (CHN)"]
[Result "0-1"]
[WhiteElo "2416"]
[BlackElo "2548"]

1.d4 Nf6 2.c4 g6 3.Nc3 Bg7 4.e4 O-O 5.Be2 d6 6.Nf3 e5 7.O-O Nc6 8.d5 Ne7 9.b4
a5 10.Ba3 Nd7 11.bxa5 Rxa5 12.Bb4 Ra6 13.a4 Bh6 14.a5 f5 15.Nd2 Kh8 16.Nb3 Nf6
17.c5 fxe4 18.cxd6 cxd6 19.Bxa6 bxa6 20.Ba3 Bg4 21.Qe1 Qd7 22.Nd2 Bf3 23.Ndxe4
Nexd5 24.Bxd6 Qh3 {#R} 0-1

[Event "Cup Rilton"]
[Site "masterchessopen.com Stockholm (Sweden)"]
[Round "0"]
[White "Jiretorn Eva (SWE)"]
[Black "Andersson Mats (SWE)"]
[Result "0-1"]
[WhiteElo "2230"]
[BlackElo "2328"]

1.d4 Nf6 2.c4 g6 3.Nf3 Bg7 4.Nc3 d6 5.e4 O-O 6.Be2 e5 7.O-O Nc6 8.d5 Ne7 9.b4
Nh5 10.c5 h6 11.Ne1 Nf4 12.Bxf4 exf4 13.Rc1 g5 14.Nb5 Ng6 15.a4 a6 16.Nd4 Re8
17.f3 h5 18.Nf5 Bxf5 19.exf5 Ne7 20.c6 bxc6 21.dxc6 Nxf5 22.Bxa6 Rxa6 23.Qd3
Qc8 24.a5 Nd4 {#R} 0-1

[Event "Cup Rilton"]
[Site "masterchessopen.com Stockholm (Sweden)"]
[Round "2"]
[White "Tisdall Jonathan D (NOR)"]
[Black "Carlson Mats (SWE)"]
[Result "1-0"]
[WhiteElo "2480"]
[BlackElo "2295"]

1.Nf3 Nf6 2.c4 g6 3.Nc3 Bg7 4.e4 d6 5.d4 O-O 6.Be2 e5 7.O-O Nc6 8.d5 Ne7 9.b4
a5 10.Ba3 axb4 11.Bxb4 Nd7 12.a4 Nc5 13.Bxc5 dxc5 14.a5 f5 15.Nd2 c6 16.Nb3
fxe4 17.Nxe4 cxd5 18.cxd5 Nf5 19.d6 b6 20.Qd5+ {#r} 1-0

[Event "Cup Rilton"]
[Site "masterchessopen.com Stockholm (Sweden)"]
[Date "2004.12.27"]
[Round "1"]
[White "Ivanov Sergey_ (RUS)"]
[Black "Forsberg Viktor (SWE)"]
[Result "1-0"]
[WhiteElo "2553"]
[BlackElo "2137"]

1.d4 Nf6 2.c4 g6 3.Nc3 Bg7 4.e4 d6 5.Nf3 O-O 6.Be2 e5 7.O-O Nc6 8.d5 Ne7 9.b4
Nh5 10.c5 Nf4 11.Bxf4 exf4 12.Rc1 Bg4 13.Nd4 Bxe2 14.Ncxe2 Be5 15.Nf3 g5
16.Nxg5 Nxd5 17.Nxh7 f3 18.Ng3 Nf4 19.Nxf8 Qh4 20.Qxf3 Rxf8 21.cxd6 {#r} 1-0

[Event "Cup Russia"]
[Site "masterchessopen.com Krasnoyarsk (Russia)"]
[Round "1"]
[White "Prokopchuk Evgeny (RUS)"]
[Black "Lykov Vasili (RUS)"]
[Result "1-0"]
[WhiteElo "2495"]
[BlackElo "2117"]

1.c4 Nf6 2.Nc3 g6 3.e4 d6 4.d4 Bg7 5.Be2 O-O 6.Nf3 e5 7.O-O Nc6 8.d5 Ne7 9.b4
Nh5 10.Re1 f5 11.Ng5 Nf4 12.Bxf4 exf4 13.Rc1 a5 14.b5 Be5 15.Bf3 fxe4 16.Bxe4
Nf5 17.Ne6 Bxe6 18.dxe6 Qh4 19.Bxb7 Ne3 20.Qf3 Rae8 21.fxe3 fxe3 22.g3 Rxf3
23.gxh4 Rh3 24.Bc6 {#r} 1-0

[Event "Czech League 2005/06 (2nd) (e)"]
[Site "masterchessopen.com Czech Republic"]
[Date "2006.02.26"]
[Round "8"]
[White "Krcal Michal (CZE)"]
[Black "Bernatik Lubomir"]
[Result "1-0"]
[WhiteElo "2217"]
[BlackElo "1905"]

1.d4 Nf6 2.c4 g6 3.Nc3 Bg7 4.e4 d6 5.Nf3 O-O 6.Be2 e5 7.O-O Nc6 8.d5 Ne7 9.b4
Ne8 10.Re1 f5 11.Nd2 f4 12.c5 g5 13.Nc4 Ng6 14.Ba3 a6 15.b5 axb5 16.Nxb5 Rf6
17.Rc1 Bf8 18.Bh5 Qd7 19.Qb3 g4 20.cxd6 cxd6 21.Nb6 {#r} 1-0

[Event "Czech League 2006/07 (2nd) (b)"]
[Site "masterchessopen.com Czech Republic"]
[Round "0"]
[White "Ungr Daniel (CZE)"]
[Black "Cernik Lukas (CZE)"]
[Result "1-0"]
[WhiteElo "2108"]
[BlackElo "2143"]

1.Nf3 g6 2.d4 Bg7 3.c4 Nf6 4.Nc3 O-O 5.e4 d6 6.Be2 e5 7.O-O Nc6 8.d5 Ne7 9.b4
Nd7 10.c5 dxc5 11.bxc5 Nxc5 12.Ba3 Nd7 13.Nb5 a6 14.Nxc7 Qxc7 15.Bxe7 Re8
16.d6 Qc6 17.Rc1 Qxe4 18.Rc4 Qf5 19.g4 {#r} 1-0

[Event "Czech League 2008/09 (2nd) (f)"]
[Site "masterchessopen.com Czech Republic"]
[Date "2008.11.09"]
[Round "2"]
[White "Valek Milan (CZE)"]
[Black "Walowicz David (CZE)"]
[Result "0-1"]
[WhiteElo "2095"]
[BlackElo "2065"]

1.d4 Nf6 2.c4 g6 3.Nc3 Bg7 4.e4 d6 5.Nf3 O-O 6.Be2 e5 7.O-O Nc6 8.d5 Ne7 9.b4
Ne8 10.c5 h6 11.Nd2 f5 12.f3 f4 13.Nc4 g5 14.a4 Rf7 15.Ba3 h5 16.Rc1 Ng6 17.b5
Bf8 18.cxd6 cxd6 19.h3 Nf6 20.Rc2 Rh7 21.Rf2 g4 22.Bf1 g3 23.Rfd2 Ng4 24.fxg4
hxg4 25.Rd3 f3 26.gxf3 gxh3 {#R} 0-1

[Event "Czech League 2008/09 (krajsky prebor)"]
[Site "masterchessopen.com Czech Republic"]
[Date "2009.03.15"]
[Round "10"]
[White "Bednar Jiri (CZE)"]
[Black "Mareckova Martina (CZE)"]
[Result "0-1"]
[WhiteElo "2024"]
[BlackElo "2053"]

1.d4 Nf6 2.c4 g6 3.Nc3 Bg7 4.e4 d6 5.Nf3 O-O 6.Be2 Nc6 7.O-O e5 8.d5 Ne7 9.b4
Ne8 10.Nd2 f5 11.Qb3 f4 12.c5 g5 13.Nc4 Ng6 14.a4 g4 15.Bd3 Qh4 16.Ra2 f3
17.g3 Qh3 18.Ne3 Nf4 19.gxf4 Rf6 20.Rd1 Rh6 21.Ne2 exf4 22.Ng3 Qxh2+ 23.Kf1
Qh1+ {#R} 0-1

[Event "Dos Hermanas Qualifier (15-A)"]
[Site "masterchessopen.com Internet"]
[Date "2003.03.15"]
[Round "6"]
[White "Hamel Olivier (FRA)"]
[Black "Christen Daniel (SUI)"]
[Result "0-1"]
[WhiteElo "2013"]
[BlackElo "2185"]

1.d4 Nf6 2.c4 g6 3.Nc3 Bg7 4.e4 d6 5.Nf3 O-O 6.Be2 e5 7.O-O Nc6 8.d5 Ne7 9.b4
Nh5 10.Re1 f5 11.c5 Nf6 12.cxd6 cxd6 13.Ng5 Kh8 14.b5 fxe4 15.Ngxe4 Nexd5
16.Bc4 Nxc3 17.Nxc3 Ng4 18.Rf1 Qh4 19.h3 Nxf2 20.Qe2 Nxh3+ 21.gxh3 Bxh3
22.Rxf8+ Rxf8 23.Qh2 Qe1+ {#R} 0-1

[Event "Dos Hermanas Qualifier (16-A)"]
[Site "masterchessopen.com Internet"]
[Date "2003.03.16"]
[Round "4"]
[White "Arias Torio Sergio (ESP)"]
[Black "Ashe Brandon (USA)"]
[Result "0-1"]
[WhiteElo "2144"]
[BlackElo "2228"]

1.d4 Nf6 2.Nf3 g6 3.c4 Bg7 4.Nc3 d6 5.e4 O-O 6.Be2 e5 7.O-O Nc6 8.d5 Ne7 9.b4
Nh5 10.Re1 h6 11.c5 Nf4 12.Bf1 f5 13.Nd2 g5 14.g3 Neg6 15.gxf4 exf4 16.Bb2 g4
17.Na4 Bxb2 18.Nxb2 Qh4 19.Nd3 fxe4 20.Nxe4 Bf5 21.cxd6 Rae8 22.d7 Rxe4
23.Rxe4 Bxe4 24.Nc5 g3 25.hxg3 fxg3 26.Nxe4 Qh2# 0-1

[Event "Dos Hermanas Qualifier (18-B)"]
[Site "masterchessopen.com Internet"]
[Date "2003.03.18"]
[Round "1"]
[White "Soulas Gilles (FRA)"]
[Black "McShane Luke J (ENG)"]
[Result "0-1"]
[WhiteElo "2170"]
[BlackElo "2629"]

1.d4 Nf6 2.Nf3 g6 3.c4 Bg7 4.Nc3 O-O 5.e4 d6 6.Be2 e5 7.O-O Nc6 8.d5 Ne7 9.b4
Nh5 10.Re1 a5 11.Ba3 Nf4 12.Bf1 f5 13.bxa5 fxe4 14.Nxe4 Bg4 15.Rb1 Rxa5 16.Bc1
Rxa2 17.Rxb7 Nh3+ 18.Kh1 Nxf2+ 19.Nxf2 Rxf2 20.Be3 R2xf3 21.Be2 Rxe3 22.Bxg4
Rxe1+ 23.Qxe1 Nf5 {#R} 0-1

[Event "Extraliga (w)"]
[Site "masterchessopen.com Ruzomberok (Slovakia)"]
[Date "2012.07.01"]
[Round "3"]
[White "Svaralova Monika (SVK)"]
[Black "Korinkova Eva (CZE)"]
[Result "1-0"]
[WhiteElo "2036"]
[BlackElo "1865"]

1.d4 Nf6 2.c4 g6 3.Nc3 Bg7 4.e4 d6 5.Nf3 O-O 6.Be2 e5 7.O-O Nc6 8.d5 Ne7 9.b4
Nd7 10.c5 f5 11.Nd2 dxc5 12.bxc5 Nxc5 13.Ba3 Nxe4 14.Ndxe4 fxe4 15.Nxe4 Rf4
16.d6 cxd6 17.Bc4+ d5 18.Bxe7 Qxe7 19.Qxd5+ Rf7 20.Nd6 e4 21.Qxf7+ Qxf7
22.Bxf7+ Kf8 23.Rab1 b6 24.Bd5 {#r} 1-0

[Event "Hessenliga 1999/00"]
[Site "masterchessopen.com Germany"]
[Round "2"]
[White "Starke Dieter (GER)"]
[Black "Wenner Frank (GER)"]
[Result "1-0"]
[WhiteElo "2211"]
[BlackElo "2117"]

1.d4 Nf6 2.c4 g6 3.Nc3 Bg7 4.e4 O-O 5.Nf3 d6 6.Be2 e5 7.O-O Nc6 8.d5 Ne7 9.b4
a5 10.bxa5 Nd7 11.a4 h6 12.Nd2 Rxa5 13.Nb3 Ra8 14.a5 f5 15.f3 g5 16.Ba3 f4
17.Nb5 Nf6 18.c5 Ne8 19.Rc1 Rf7 20.Nxc7 {#r} 1-0

[Event "It"]
[Site "masterchessopen.com Corfu (Greece)"]
[Round "3"]
[White "Grivas Efstratios (GRE)"]
[Black "Nikolaidis Ioannis (GRE)"]
[Result "0-1"]
[WhiteElo "2495"]
[BlackElo "2540"]

1.d4 Nf6 2.c4 g6 3.Nc3 Bg7 4.e4 O-O 5.Nf3 d6 6.Be2 e5 7.O-O Nc6 8.d5 Ne7 9.b4
a5 10.Ba3 Nd7 11.bxa5 Rxa5 12.Bb4 Ra8 13.a4 Nc5 14.Nd2 f5 15.Qc2 Nxe4 16.Ndxe4
fxe4 17.Nxe4 Nf5 18.Bd3 Nd4 19.Qd1 b6 20.a5 bxa5 21.Rxa5 Rb8 22.Bc3 Bf5 23.Ra7
Ra8 24.Qa1 Rxa7 25.Qxa7 Bxe4 26.Bxd4 Bxd3 {#R} 0-1

[Event "It"]
[Site "masterchessopen.com Haarlem (Netherlands)"]
[Round "4"]
[White "Heuvel Ruud"]
[Black "Ooteman Jan"]
[Result "0-1"]
[WhiteElo "1620"]
[BlackElo "1770"]

1.d4 Nf6 2.c4 g6 3.Nc3 Bg7 4.e4 d6 5.Nf3 O-O 6.Be2 e5 7.O-O Nc6 8.d5 Ne7 9.b4
Nd7 10.Be3 f5 11.g3 Nf6 12.Bd3 fxe4 13.Nxe4 Bg4 14.Nxf6+ Rxf6 15.Be4 Qd7
16.Bg5 Rf7 17.Qd3 Raf8 18.Nh4 Nf5 19.Be3 Nxh4 20.gxh4 Bh3 21.Rfe1 Qg4+ 22.Kh1
Qxh4 23.Rg1 Bf5 24.Bxf5 Rxf5 25.Qe2 Rxf2 {#R} 0-1

[Event "It"]
[Site "masterchessopen.com Quebec (Canada)"]
[Round "4"]
[White "Leveille Francois (CAN)"]
[Black "Spraggett Kevin (CAN)"]
[Result "0-1"]
[WhiteElo "2301"]
[BlackElo "2490"]

1.Nf3 Nf6 2.c4 g6 3.Nc3 Bg7 4.e4 d6 5.d4 O-O 6.Be2 e5 7.O-O Nc6 8.d5 Ne7 9.b4
Nh5 10.g3 f5 11.Nd2 Nf6 12.f3 Bh6 13.Kg2 Be3 14.c5 f4 15.Nc4 Bd4 16.Bb2 g5
17.cxd6 cxd6 18.Qb3 Ng6 19.Rad1 Qd7 20.g4 h5 21.h3 hxg4 22.hxg4 Nh4+ 23.Kh1
Qh7 {#R} 0-1

[Event "It"]
[Site "masterchessopen.com Quito (Ecuador)"]
[Round "10"]
[White "Moreira Romero Jairo (ECU)"]
[Black "Galarza Polo (ECU)"]
[Result "1-0"]
[WhiteElo "2336"]
[BlackElo "2265"]

1.d4 Nf6 2.c4 g6 3.Nf3 Bg7 4.Nc3 O-O 5.e4 d6 6.Be2 e5 7.O-O Nc6 8.d5 Ne7 9.b4
Nh5 10.Re1 Nf4 11.Bf1 h6 12.c5 f5 13.Bxf4 fxe4 14.Bxe5 exf3 15.Bxg7 Kxg7 16.g3
Ng8 17.a3 h5 18.Re3 Nf6 19.Qd4 Bf5 20.Rae1 Rf7 21.Rxf3 Qd7 22.Ree3 Kh7 23.c6
Qd8 24.cxb7 Rb8 25.Qxa7 Bd7 26.Re7 {#r} 1-0

[Event "It"]
[Site "masterchessopen.com Rostock (Germany)"]
[Round "7"]
[White "Balicki Cezary (POL)"]
[Black "Rossmann Helmut (GER)"]
[Result "0-1"]
[WhiteElo "2285"]
[BlackElo "2264"]

1.d4 Nf6 2.c4 g6 3.Nc3 Bg7 4.e4 d6 5.Nf3 O-O 6.Be2 e5 7.O-O Nc6 8.d5 Ne7 9.b4
Ne8 10.c5 h6 11.cxd6 cxd6 12.Nd2 f5 13.Nb3 Nf6 14.Bf3 Bd7 15.Be3 f4 16.Bd2 g5
17.Be2 g4 18.f3 g3 19.hxg3 Nh5 20.gxf4 exf4 21.g4 fxg3 22.f4 Nf5 23.Kg2 Nh4+
24.Kg1 Qb6+ {#R} 0-1

[Event "It"]
[Site "masterchessopen.com Struga (Macedonia)"]
[Round "6"]
[White "Organdziev Oliver (MKD)"]
[Black "Gicev Blagoja (MKD)"]
[Result "0-1"]
[WhiteElo "2300"]
[BlackElo "2312"]

1.d4 Nf6 2.c4 g6 3.Nf3 Bg7 4.Nc3 O-O 5.e4 d6 6.Be2 e5 7.O-O Nc6 8.d5 Ne7 9.b4
Nh5 10.Bg5 Nf4 11.c5 h6 12.Bh4 g5 13.Bg3 f5 14.Bc4 Neg6 15.Nd2 g4 16.exf5 Bxf5
17.Nde4 h5 18.Qb3 h4 19.Bxf4 exf4 20.Rad1 Ne5 21.f3 h3 22.Be2 hxg2 23.Kxg2 Qh4
24.fxg4 Bxg4 25.Bxg4 Nxg4 {#R} 0-1

[Event "It"]
[Site "masterchessopen.com Vantaa (Finland)"]
[Round "5"]
[White "Veingold Aleksandr (EST)"]
[Black "Maki-Uuro Miikka (FIN)"]
[Result "1-0"]
[WhiteElo "2475"]
[BlackElo "2280"]

1.d4 Nf6 2.Nf3 g6 3.c4 Bg7 4.Nc3 O-O 5.e4 d6 6.Be2 e5 7.O-O Nc6 8.d5 Ne7 9.b4
Nh5 10.Re1 h6 11.Nd2 Nf4 12.Bf1 f5 13.c5 c6 14.cxd6 Qxd6 15.Nc4 Qxb4 16.Qd2
Qc5 17.Ba3 Qd4 18.Bxe7 Rf7 19.d6 b5 20.Ne2 Nxe2+ 21.Qxe2 bxc4 22.Red1 Qc3
23.Qxc4 Qb2 24.Rab1 Qxf2+ {#r} 1-0

[Event "It (active)"]
[Site "masterchessopen.com Lima (Peru)"]
[Round "5"]
[White "Quiroz Christian (PER)"]
[Black "Ruiz Juan (CHI)"]
[Result "1-0"]
[WhiteElo "2102"]
[BlackElo "2075"]

1.d4 Nf6 2.c4 g6 3.Nc3 Bg7 4.e4 d6 5.Nf3 O-O 6.Be2 e5 7.O-O Nc6 8.d5 Ne7 9.b4
a5 10.Ba3 axb4 11.Bxb4 Nd7 12.a4 b6 13.a5 bxa5 14.Rxa5 Rxa5 15.Bxa5 Nc5 16.Nd2
f5 17.Bf3 fxe4 18.Ndxe4 Nxe4 19.Bxe4 {#r} 1-0

[Event "It (active)"]
[Site "masterchessopen.com Oviedo (Spain)"]
[Round "0"]
[White "Veingold Aleksandr (EST)"]
[Black "Atalik Suat (BIH)"]
[Result "0-1"]
[WhiteElo "2465"]
[BlackElo "2535"]

1.d4 Nf6 2.Nf3 g6 3.c4 Bg7 4.Nc3 O-O 5.e4 d6 6.Be2 e5 7.O-O Nc6 8.d5 Ne7 9.b4
Nh5 10.g3 f5 11.Ng5 Nf6 12.f3 a5 13.bxa5 Rxa5 14.Qb3 Kh8 15.Bd2 Re8 16.Bd3 b6
17.Kg2 f4 18.a4 Bh6 19.gxf4 Nh5 20.fxe5 Nf5 21.exf5 Bxf5 22.f4 Nxf4+ 23.Rxf4
Qxg5+ 24.Kh1 {#R} 0-1

[Event "It (b)"]
[Site "masterchessopen.com Aarhus (Denmark)"]
[Date "2005.07.05"]
[Round "4"]
[White "Baekgaard Martin (DEN)"]
[Black "Cordes Steffen (DEN)"]
[Result "1-0"]
[WhiteElo "2192"]
[BlackElo "2092"]

1.c4 g6 2.d4 Bg7 3.e4 d6 4.Nc3 Nf6 5.Be2 O-O 6.Nf3 e5 7.O-O Nc6 8.d5 Ne7 9.b4
Nh5 10.Re1 f5 11.Ng5 Nf6 12.Bf3 a5 13.bxa5 c5 14.Ne6 Bxe6 15.dxe6 Qxa5 16.Bd2
f4 17.Rb1 Rfb8 18.Rb5 Qd8 19.Qb1 Ra7 20.Nd5 Nc6 21.Bc3 Qe8 22.Rb6 Qd8 23.Re2
Ne8 24.Reb2 Bf8 25.Rxc6 {#r} 1-0